00602nam a2200157 a 450000500170000000800410001702000180005805000180007610000220009424500440011626000300016030000230019052001630021365000350037665000330041120140412111249.0020515s19uu xx 00 eng d a0-09-923681-8 aERbDi61 1992 aThreadgall, Colin aDinosaur fright /cby Colin Threadgall. aLondon :bRed Fox,c1992. a1 v. (unp.) ; ill. a'a dinosaur stoyr which also provides some simple information such as names, relative size and accurate drawings...a useful introduction to a popular subject' aDinosaursxJuvenile literature aAnimalsxJuvenile literature